|
|
|
|
| LEADER |
01562nam a2200373 i 4500 |
| 001 |
EBC5351437 |
| 003 |
MiAaPQ |
| 005 |
20200520144314.0 |
| 006 |
m o d | |
| 007 |
cr cnu|||||||| |
| 008 |
180523s2018 enk o 000 0 eng d |
| 020 |
|
|
|z 9781787560284
|
| 020 |
|
|
|a 9781787560291 (e-book)
|
| 035 |
|
|
|a (MiAaPQ)EBC5351437
|
| 035 |
|
|
|a (Au-PeEL)EBL5351437
|
| 035 |
|
|
|a (CaPaEBR)ebr11547130
|
| 035 |
|
|
|a (OCoLC)1032710716
|
| 040 |
|
|
|a MiAaPQ
|b eng
|e rda
|e pn
|c MiAaPQ
|d MiAaPQ
|
| 050 |
|
4 |
|a HG101
|b .J687 2018
|
| 082 |
0 |
|
|a 333.7
|2 23
|
| 245 |
0 |
4 |
|a The journal of risk finance.
|n Volume 19, Number 1,
|p Digital currencies /
|c guest editor, Paolo Tasca.
|
| 264 |
|
1 |
|a Bradford, West Yorkshire :
|b Emerald Publishing Limited,
|c 2018.
|
| 300 |
|
|
|a 1 online resource (93 pages)
|
| 336 |
|
|
|a text
|b txt
|2 rdacontent
|
| 337 |
|
|
|a computer
|b c
|2 rdamedia
|
| 338 |
|
|
|a online resource
|b cr
|2 rdacarrier
|
| 588 |
|
|
|a Description based on print version record.
|
| 590 |
|
|
|a Electronic reproduction. Ann Arbor, MI : ProQuest, 2018. Available via World Wide Web. Access may be limited to ProQuest affiliated libraries.
|
| 650 |
|
0 |
|a Finance
|x Environmental aspects.
|
| 655 |
|
4 |
|a Electronic books.
|
| 700 |
1 |
|
|a Tasca, Paolo,
|e editor.
|
| 776 |
0 |
8 |
|i Print version:
|t Journal of risk finance. Volume 19, Number 1, Digital currencies.
|d Bradford, West Yorkshire : Emerald Publishing Limited, 2018
|h 93 pages
|z 9781787560284
|
| 797 |
2 |
|
|a ProQuest (Firm)
|
| 856 |
4 |
0 |
|u https://ebookcentral.proquest.com/lib/matrademy/detail.action?docID=5351437
|z Click to View
|